Để hiểu 8 bộ tiểu thuyết cổ Trung Quốc /
Giúp ta cái nhìn tổng quát về tiểu thuyết cổ Trung Quốc và những kiến thức cụ thể về những tác giả và các tác phẩm tiêu biểu quen thuộc.
محفوظ في:
| المؤلف الرئيسي: | |
|---|---|
| التنسيق: | كتاب |
| اللغة: | Vietnamese |
| منشور في: |
Hà Nội :
Đại học Quốc gia Hà Nội,
2000.
|
| الموضوعات: | |
| الوسوم: |
إضافة وسم
لا توجد وسوم, كن أول من يضع وسما على هذه التسجيلة!
|
| Thư viện lưu trữ: | Mạng thư viện Đại học Đà Nẵng |
|---|
| LEADER | 01105cam a2200349 i 4500 | ||
|---|---|---|---|
| 001 | 000044632 | ||
| 003 | 3035 | ||
| 005 | 20030918150133.0 | ||
| 008 | 010313b2000 vm 000 vie | ||
| 020 | |c 13500 | ||
| 040 | |a IRC |c IRC |d IRC | ||
| 041 | 0 | |a vie | |
| 082 | 1 | 4 | |a 895.101 |b LƯ-T |
| 100 | 1 | |a Lương Duy Thứ. | |
| 245 | 0 | 0 | |a Để hiểu 8 bộ tiểu thuyết cổ Trung Quốc / |c Lương Duy Thứ. |
| 260 | |a Hà Nội : |b Đại học Quốc gia Hà Nội, |c 2000. | ||
| 300 | |a 178tr. ; |c 20cm. | ||
| 520 | 3 | |a Giúp ta cái nhìn tổng quát về tiểu thuyết cổ Trung Quốc và những kiến thức cụ thể về những tác giả và các tác phẩm tiêu biểu quen thuộc. | |
| 630 | 0 | 4 | |a Văn học Trung Quốc. |
| 630 | 0 | 4 | |a Tiểu thuyết. |
| 630 | 0 | 4 | |a Văn học cổ. |
| 650 | 0 | 4 | |a Văn học Trung Quốc |y Cổ đại. |
| OWN | |a DUT | ||
| 999 | |a From the UDN01 | ||
| TYP | |a Monograph | ||
| TYP | |a Printed language | ||
| 980 | |a Mạng thư viện Đại học Đà Nẵng | ||